|
|
|
|
| LEADER |
01190nam a2200325 a 4500 |
| 001 |
30046 |
| 003 |
BD-DhAAL |
| 005 |
20151012102013.0 |
| 008 |
151012r20112014ii ab b 001 0 eng |
| 010 |
|
|
|a 2010019201
|
| 020 |
|
|
|a 9781259001857
|
| 020 |
|
|
|a 0073373702 (alk. paper)
|
| 020 |
|
|
|a 9780073373706 (alk. paper)
|
| 020 |
|
|
|a 1259001857
|
| 040 |
|
|
|a DLC
|c DLC
|d DLC
|d BD-DhAAL
|
| 050 |
0 |
0 |
|a HD30.4
|b .E47 2011
|
| 082 |
0 |
0 |
|a 658.0072
|2 22
|
| 100 |
1 |
|
|a Cooper, Donald R.
|9 15337
|
| 245 |
1 |
0 |
|a Business research methods /
|c Donald R. Cooper, Pamela S. Schindler and J. K. Sharma.
|
| 250 |
|
|
|a 11th ed.
|
| 260 |
|
|
|a New Delhi :
|b McGraw-Hill Edcuation India,
|c c2011 [reprinted 2014]
|
| 300 |
|
|
|a xxx, 950 p. :
|b ill. (mostly col.), map ;
|c 29 cm.
|
| 504 |
|
|
|a Includes bibliographical references and indexes.
|
| 541 |
|
|
|e 30046
|
| 650 |
|
0 |
|a Industrial management
|x Research.
|9 15338
|
| 700 |
1 |
|
|a Schindler, Pamela S.
|9 15339
|
| 700 |
1 |
|
|a Sharma, J. K.
|9 15340
|
| 942 |
|
|
|2 ddc
|c BK
|
| 999 |
|
|
|c 35768
|d 35768
|
| 952 |
|
|
|0 0
|1 0
|2 ddc
|4 0
|6 658_007200000000000_COO
|7 0
|9 56255
|a CED
|b CED
|c GEN
|d 2015-10-12
|e Paragon Enterprise
|g 1066.00
|l 0
|o 658.0072 COO
|p 3010030046
|r 2015-10-12
|t 1
|w 2015-10-12
|y BK
|